Christianity (Record no. 342)

MARC details
000 -LEADER
fixed length control field 00380nam a2200157 a 4500
082 00 - DEWEY DECIMAL CLASSIFICATION NUMBER
Classification number 201
Author Cutter RAL
100 ## - MAIN ENTRY--AUTHOR NAME
Author name Rall, Harrlis Franklin
245 ## - TITLE STATEMENT
Title Christianity
260 ## - PUBLICATION, DISTRIBUTION, ETC. (IMPRINT)
Place of publication New York
Name of publisher Charles Scribner`s Sons,
Year of publication 1945
300 ## - PHYSICAL DESCRIPTION
Number of Pages 363p
500 ## - GENERAL NOTE
General note includes index and biblioraphy
505 2# - FORMATTED CONTENTS NOTE
Formatted contents note Index, Maps
650 ## - SUBJECT ADDED ENTRY--TOPICAL TERM
Topical Term Theology
942 ## - ADDED ENTRY ELEMENTS (KOHA)
Koha item type Books
700 1# -
-- Rall, Harrlis Franklin
Holdings
Home library Current library Date acquired Cost, normal purchase price Full call number Accession Number Koha item type
Henry Martyn Institute Library Henry Martyn Institute Library 06/12/2007 100.00 201 RAL 1416 Archive Book
                   Copyright © 2026 | Henry Martyn Institute | Hyderabad | TS-500052 | INDIA | Implemented by hmi.edu.in
Hit-Count:

Powered by Koha